Vývoj softvéru a rozšírená realita

Gespeichert in:
Bibliographische Detailangaben
1. Verfasser: Kepič, Dominik (Verfasst von)
Weitere Verfasser: Vincúr, Juraj (Betreuung Doktorarbeit)
Format: Manuskript Buch
Sprache:Slowakisch
Veröffentlicht: 2025
Schlagworte:
Online-Zugang:http://is.stuba.sk/zp/portal_zp.pl?podrobnosti=183866
Tags: Tag hinzufügen
Keine Tags, Fügen Sie das erste Tag hinzu!

MARC

LEADER 00000ntm a22000003a 4500
001 stuzp105778
003 SK-STU
005 20250607211551.4
007 ta
008 150427s2015----xo-----f-mn---000-0-slo-d
040 |a STU  |b slo 
041 0 |a slo 
100 1 |a Kepič, Dominik  |u 070200  |4 aut  |U FIIT Fakulta informatiky a informačných technológií  |T FIIT Ústav informatiky, informačných systémov a softvérového inžinierstva  |X 110817  |U I200  |Y 179  |7 110817 
242 0 1 |a Software development and extended reality  |y eng 
245 1 0 |a Vývoj softvéru a rozšírená realita 
260 |c 2025 
650 4 |a Code generation  |2 eng 
650 4 |a UML generation  |2 eng 
650 4 |a Virtual reality  |2 eng 
650 4 |a Generovanie kódu  |2 slo 
650 4 |a Generovanie UML  |2 slo 
650 4 |a Virtuálna realita  |2 slo 
700 1 |a Vincúr, Juraj  |u 070200  |k Z1  |4 ths  |U FIIT Fakulta informatiky a informačných technológií  |T FIIT Ústav informatiky, informačných systémov a softvérového inžinierstva  |X 5783  |U I200  |Y 179  |7 A000005783 
856 4 |u http://is.stuba.sk/zp/portal_zp.pl?podrobnosti=183866